• 首页
  • 本馆介绍
  • 公告通知
  • 最新文献
  • 馆藏检索
  • 电子资源
  • 读者导购
  • 参考咨询
  • 我的图书馆
  • 登录
  • 详细信息显示
  • 放入我的书架
  • 预约/预借图书
  • 作者相关作品
  • 分类相关作品
  • 丛书相关作品
  • 出版社相关作品

书目信息

  • 表格格式
  • 工作单格式
  • 卡片格式
题名:
外国名家作品选粹
    
 
作者: 米开朗琪罗 绘
分册:   米开朗琪罗素描
出版信息: 北京   人民美术出版社  2006
页数: 66页
开本: 38cm
丛书名:
单 册:
中图分类: J231 , J234(546)
科图分类:
主题词: 绘画--外国--画册 , 素描--意大利--中世纪--画册 , 素描 , 绘画
电子资源:
ISBN: 7-102-03650-7
000 00938nam0 2200289 450
001 003321710
005 20070804152306.78
010    @a7-102-03650-7@dCNY48.00
100    @a20060124d2006 em y0chiy0110 ea
101 0  @achi
102    @aCN@b110000
105    @aa z 000yy
106    @ad
200 1  @a外国名家作品选粹@9wai guo ming jia zuo pin xuan cui@i米开朗琪罗素描
210    @a北京@c人民美术出版社@d2006
215    @a66页@d38cm
312    @a英文分辑题名:Michelangelo's drawings
330    @a本书收录了米开朗琪罗的素描作品。包括有:戴帽子的老人;两个向前躬身的人;男子头像;正在招手的青年男子;婴儿习作等。
606 0  @a绘画@y外国@j画册
606 0  @a素描@y意大利@z中世纪@j画册
606 0  @a素描
606 0  @a绘画
690    @aJ231@v4
690    @aJ234(546)@v4
701  0 @c(意)@a米开朗琪罗@9mi kai lang qi luo@c(Michelangelo, Buonarroti@f1475~1564)@4绘
801  0 @aCN@bNLC@c20070804
905    @a10447@dJ231@e76
    
    外国名家作品选粹.米开朗琪罗素描.-北京:人民美术出版社,2006
    66页;38cm
    
    
    ISBN 7-102-03650-7:CNY48.00
    本书收录了米开朗琪罗的素描作品。包括有:戴帽子的老人;两个向前躬身的人;男子头像;正在招手的青年男子;婴儿习作等。
●
相关链接 在E读中查询图书 在五车中查询图书 在当当中查询图书 在豆瓣中查询图书


正题名:外国名家作品选粹     索取号:J231/76         预约/预借

序号 登录号 条形码 馆藏地/架位号 状态 备注
1 0803133   208031333   第一样本阅览室/ [索取号:J231/76] 在馆    
2 0803134   208031342   第一借阅区/ [索取号:J231/76] 在馆    
3 0803136   208031360   第一借阅区/ [索取号:J231/76] 在馆    
4 0803137   208031379   第一借阅区/ [索取号:J231/76] 在馆    
5 0803138   208031388   第一借阅区/ [索取号:J231/76] 在馆    
6 0803139   208031397   第一借阅区/ [索取号:J231/76] 在馆    
7 0803140   208031404   密集书库-美术系/ [索取号:J231/76] 在馆    
8 0803141   208031413   密集书库-美术系/ [索取号:J231/76] 在馆    
9 0803142   208031422   美术系资料室/ [索取号:J231/76] 在馆    
唐山师范学院图书馆 欢迎您!
大连网信软件有限公司© 版权所有